000 00357nam a2200133Ia 4500
008 210210b1977 xxu||||| |||| 00| 0 eng d
082 _a338.954 GHOI
100 _aGHOSH (Alak).
245 _aIndian economy: its nature and problems.
260 _aCalcutta
_bWorld press pvt ltd
_c1977
300 _axxiii,736
690 _aIndian Economics
906 _a033225
999 _c83964
_d83964